| 000 | 00953nam a2200241 c 4500 | ||
|---|---|---|---|
| 005 | 20240502103132.0 | ||
| 008 | 120830s2019 enk |||gr|||| 00| 0 eng d | ||
| 020 | _a9781788111454 | ||
| 040 |
_aCO-BoUCM _bspa _cDeissy Garcia _dDavid Moreno (modificó) |
||
| 041 | 0 | _aeng | |
| 245 | 1 | 0 |
_aHuman rights and the environment _blegality, indivisibility, dignity and geography _ceditado por James R May, Erin Daly |
| 260 |
_aCheltenham, Reino Unido _bEdward Elgar Publishing _c2019 |
||
| 300 | _axxv, 585 Páginas | ||
| 490 | 0 |
_aElgar encyclopedia of environmental law _vvii |
|
| 504 | _aIncluye referencias bibliográficas e índices | ||
| 650 | 1 | 7 |
_912703 _aDerecho ambiental |
| 650 | 1 | 7 |
_97499 _aDerechos humanos |
| 650 | 1 | 7 |
_912777 _aDerecho internacional ambiental |
| 700 | 1 |
_9101773 _aMay, James R. _eeditor |
|
| 700 | 1 |
_9102115 _aDaly, Erin _eeditor |
|
| 942 |
_cLIBRO _2DEWEY _a8 _e1 _h344.046 _mM466h _n0 |
||
| 999 |
_c318347 _d318347 |
||